Cien botellas en una pared

Salvato in:
Dettagli Bibliografici
Autore principale: Portela, Ena Lucia
Altri autori: López, Iraida H. (editora)
Natura: Sconosciuto
Lingua:inglese
Pubblicazione: Doral, USA. Stockcero, 2010
Edizione:1st.edition
Soggetti:
Tags: Aggiungi Tag
Nessun Tag, puoi essere il primo ad aggiungerne!!

MARC

LEADER 00000 a2200000 4500
003 CL-VaPUC
005 20211004115039.0
008 210331b ||||| |||| 00| 0 eng d
999 |c 432518  |d 432516 
020 |a 9781934768334 
040 |c Pontificia Universidad Católica de Valparaíso 
082 |a Cu863 POR 2010 
100 |a Portela, Ena Lucia   |9 859349 
245 |a Cien botellas en una pared  
250 |a 1st.edition  
260 |a Doral, USA.  |b Stockcero,  |c 2010 
300 |a 336 páginas  
583 |k Cristina Rojas  |c 20210401 
650 |a Novela cubana  |9 376729 
650 |a Novela negra  |9 860424 
700 |a López, Iraida H.   |e editora  |9 860425 
942 |2 ddc  |c BK 
952 |0 0  |1 0  |2 ddc  |4 0  |6 CU_863_000000000000000_POR_2010  |7 0  |8 A  |9 577612  |a BIBEDU  |b BIBEDU  |c ES_NOD  |d 2021-03-04  |e 3  |g 31490.00  |i 5582865  |l 1  |o Cu863 POR 2010  |p 5582865  |r 2023-08-09  |s 2023-08-04  |t 1  |v 31490.00  |w 2021-03-04  |y BK  |k LIT